000 00922nas a2200277 4500
001 BR7903836
003 BR-BrBNA
005 20231205083811.0
007 ta
008 230509b bl.|||p| |||| 00| 00por d
040 _aBR-BrBNA
_bpor
_cBiblioteca Nacional de Agricultura
041 _a(pt)
072 _aL10
100 1 _aSchlindwein, A.P.
100 1 _aTorres, J.R.
100 1 _aCarneiro, G.G.
245 1 _aEstimativas de heritabilidade de numero de leitoes nascidos por parto e peso individual ao nascimento em suinos da raca duroc
_bParte de tese
650 _aSUÍNO
650 _aGENETICA ANIMAL
650 _aHEREDITARIEDADE
650 _aLEITEGADA
650 _aPARTO
773 0 _tArquivos da Escola de Veterinaria da Universidade Federal de Minas Gerais (Brazil)
_xISSN 0365-8384
_g(Aug 1979), v. 31(2) p. 169-178
_wBR7903836
909 _a202311
_bLúcia
_c55
_dLúcia Elande
942 _2AGRIS
_n0
_cANA
999 _c101275
_d101275